| 000 | 00408nam a2200181Ia 4500 | ||
|---|---|---|---|
| 001 | 988 | ||
| 005 | 20260306140558.0 | ||
| 008 | 260306t1972||||xx |||||||||||||| ||spa|| | ||
| 041 | _aESP | ||
| 082 |
_a176.7 _bN71 |
||
| 100 |
_aNoce, A. del _eAUT |
||
| 245 | 0 | _aLa escalada del erotismo | |
| 260 | _c1972 | ||
| 300 |
_a141 páginas : _c18 cm. |
||
| 650 | _aGEN | ||
| 654 | _aCHU | ||
| 942 |
_cLIB _dJUS _fJUS _2ddc _n |
||
| 999 |
_c988 _d988 |
||